Shakespeare /

Hlavní autor: Murry, John Middleton, 1889-1957
Jazyk: Angličtina
Vydáno: London : Jonathan Cape, [1948]
Fyzický popis: 448 stran ; 8°
Knihy
Uloženo v:
LEADER 00711nam a22002292i 4500
001 001487855
003 CZ BrMZK
005 20151203145429.0
007 ta
008 150911s1948 xxk er|||||||||||eng d
040 |a BOA001  |b cze  |e rda 
100 1 |a Murry, John Middleton,  |d 1889-1957  |7 skuk0004252  |4 aut 
245 1 0 |a Shakespeare /  |c John Middleton Murry 
264 1 |a London :  |b Jonathan Cape,  |c [1948] 
300 |a 448 stran ;  |c 8° 
336 |a text  |b txt  |2 rdacontent 
337 |a bez média  |b n  |2 rdamedia 
338 |a svazek  |b nc  |2 rdacarrier 
910 |a BOA001  |b 2-0254.649 
990 |a BK 
991 |b 201509 
996 7 |b 2618726671  |c 2-0254.649  |l MZK  |r Sklad / do 24 hodin  |n 0  |p Dotisk  |w 001522992  |u 000010  |a 1  |e BOA001  |j MZK50  |s A